000 00349nam a22001577a 4500
003 SGT
020 _a9789353061807
082 _a158.3,GLA
100 _aGLADDING,SAMUEL.T
245 _aCOUNSELING, A COMPREHENSIVE PROFESSION
250 _a8TH
260 _aNOIDA
_bPEARSON
_c2022
300 _a744
650 _aPSYCHOLOGY
942 _2ddc
_cBK
_036
999 _c22859
_d22859